Electronic circuit analysis / (Record no. 60763)

MARC details
000 -LEADER
fixed length control field 01152nam a22002897a 4500
005 - DATE AND TIME OF LATEST TRANSACTION
control field 2012011208378.0
008 - FIXED-LENGTH DATA ELEMENTS--GENERAL INFORMATION
fixed length control field 120112t xxu||||| |||| 00| 0 eng d
010 ## - LCCN (DPL NO)
LC control number ENG-104696
020 ## - INTERNATIONAL STANDARD BOOK NUMBER
International Standard Book Number 9781259004506
Terms of availability 225.00
020 ## - INTERNATIONAL STANDARD BOOK NUMBER
International Standard Book Number 1259004503
Terms of availability 225.00
035 ## - SYSTEM CONTROL NUMBER
System control number EN-88229
037 ## - SOURCE OF ACQUISITION
Source of stock number/acquisition DBAD/PUB
040 ## - CATALOGING SOURCE
Original cataloging agency DPL
Language of cataloging Eng
082 00 - DEWEY DECIMAL CLASSIFICATION NUMBER
Classification number 621.3815
100 1# - MAIN ENTRY--PERSONAL NAME
Personal name Salivahanan, S.
9 (RLIN) 39009
245 10 - TITLE STATEMENT
Title Electronic circuit analysis /
Statement of responsibility, etc by S. Salivahanan [and] N. Suresh Kumar
260 ## - PUBLICATION, DISTRIBUTION, ETC. (IMPRINT)
Date of publication, distribution, etc 2012
Place of publication, distribution, etc New Delhi
Name of publisher, distributor, etc Tata McGraw Hill
270 ## - ADDRESS
Address 7 West Patel Nagar
City New Delhi
Postal code 110001
300 ## - PHYSICAL DESCRIPTION
Extent various pagings :
Other physical details ill.
Dimensions 23cm(pbk)
650 ## - SUBJECT ADDED ENTRY--TOPICAL TERM
Topical term or geographic name as entry element Electronic circuits
9 (RLIN) 39013
650 ## - SUBJECT ADDED ENTRY--TOPICAL TERM
Topical term or geographic name as entry element Electric networks
9 (RLIN) 39014
650 ## - SUBJECT ADDED ENTRY--TOPICAL TERM
Topical term or geographic name as entry element Electric networks, Active
9 (RLIN) 39015
700 ## - ADDED ENTRY--PERSONAL NAME
Personal name Suresh Kumar, N.
9 (RLIN) 39016
942 ## - ADDED ENTRY ELEMENTS (KOHA)
Source of classification or shelving scheme Dewey Decimal Classification
Item type English Books
Classification part 621.3815
Call number suffix SAL
Holdings
Withdrawn status Lost status Source of classification or shelving scheme Damaged status Not for loan Collection code Home library Current library Date acquired Source of acquisition Cost, normal purchase price Total Checkouts Full call number Barcode Date last seen Copy number Cost, replacement price Koha item type
    Dewey Decimal Classification   Not For Loan Non-fiction D.B.Act.Division D.B.Act.Division 12/01/2012 DBAD/PUB 225.00   621.3815 SAL EN-88229 12/01/2012 1 225.00 English Books

© Delhi Public Library
Hit Counter
free hit counter